| 000 | 00497nam a2200193Ia 4500 | ||
|---|---|---|---|
| 005 | 20240823024135.0 | ||
| 008 | 240823s9999||||xx |||||||||||||| ||und|| | ||
| 020 | _a978-81-312-1640-8 | ||
| 041 | _aENGLISH | ||
| 082 | _A511 P9 | ||
| 100 | _aRaymond Greenlaw james Hoover | ||
| 245 | 0 | _aFundamentals of the Theory of Computation and Practice | |
| 250 | _a1st | ||
| 260 |
_c2009 _bMorgan Kaufmann Publis |
||
| 500 | _aYES | ||
| 650 |
_aTheory _bMathematics |
||
| 942 | _cBK | ||
| 999 |
_c183212 _d183212 |
||